000 00454nam a2200169Ia 4500
008 090201s9999 xx 000 0 und d
010 _aKPL-44073
040 _bमराठी
041 _aमराठी
082 _a30182
_b44073
100 _aशैलजा राजे
245 _aसौदा
_cशैलजा राजे
260 _c2004
_bवसंत
300 _a165
_bमोठा
600 _aसौदा
942 _cBOOK
999 _c228735
_d228735